ARRUPE JESUIT UNIVERSITY

CORONAVIRUS -STOP THE SPREAD - CLEAN,DISINFECT,COVER

Finding true happiness : (Record no. 127601)

MARC details
000 -LEADER
fixed length control field 02361cam a22004337i 4500
001 - CONTROL NUMBER
control field 18285445
003 - CONTROL NUMBER IDENTIFIER
control field ARRUPE
005 - DATE AND TIME OF LATEST TRANSACTION
control field 20180313141120.0
008 - FIXED-LENGTH DATA ELEMENTS--GENERAL INFORMATION
fixed length control field 140829t20152015cau b 001 0 eng d
010 ## - LIBRARY OF CONGRESS CONTROL NUMBER
LC control number 2014949938
020 ## - INTERNATIONAL STANDARD BOOK NUMBER
International Standard Book Number 9781586179564
020 ## - INTERNATIONAL STANDARD BOOK NUMBER
International Standard Book Number 158617956X
035 ## - SYSTEM CONTROL NUMBER
System control number (OCoLC)ocn898925547
040 ## - CATALOGING SOURCE
Original cataloging agency BTCTA
Language of cataloging eng
Transcribing agency BTCTA
Description conventions rda
Modifying agency BDX
-- PCJ
-- OCLCO
-- ORX
-- STU
-- YDXCP
-- OCLCF
-- JES
-- XII
-- OCLCA
-- DLC
042 ## - AUTHENTICATION CODE
Authentication code lccopycat
050 00 - LIBRARY OF CONGRESS CALL NUMBER
Classification number BV4647.J68
Item number S65 2015
082 04 - DEWEY DECIMAL CLASSIFICATION NUMBER
Classification number 248.4
Edition number 23
300 ## - PHYSICAL DESCRIPTION
Dimensions 23 cm.
100 1# - MAIN ENTRY--PERSONAL NAME
Personal name Spitzer, Robert J.,
Dates associated with a name 1952-
9 (RLIN) 40508
245 10 - TITLE STATEMENT
Title Finding true happiness :
Remainder of title satisfying our restless hearts /
Statement of responsibility, etc Robert J. Spitzer, S.J., Ph.D.
260 ## - PUBLICATION, DISTRIBUTION, ETC. (IMPRINT)
Place of publication, distribution, etc San Francisco
Name of publisher, distributor, etc Ignatius Press
Date of publication, distribution, etc 2015
300 ## - PHYSICAL DESCRIPTION
Extent 312 p. ;
490 1# - SERIES STATEMENT
Series statement Happiness, suffering and transcendence ;
Volume number/sequential designation v. 1
520 8# - SUMMARY, ETC.
Summary, etc This book attempts to provide a way out of the personal and cultural vacuum of unhappiness by helping people to identify and reach for happiness It is both a philosophical itinerary and a practical guidebook for life's most important journey--from the mundane and the meaningless to transcendent fulfillment. --Book cover.
650 #0 - SUBJECT ADDED ENTRY--TOPICAL TERM
Topical term or geographic name as entry element Happiness
General subdivision Religious aspects
-- Christianity.
9 (RLIN) 40509
650 #0 - SUBJECT ADDED ENTRY--TOPICAL TERM
Topical term or geographic name as entry element Suffering
General subdivision Religious aspects
-- Christianity .
9 (RLIN) 40510
650 #0 - SUBJECT ADDED ENTRY--TOPICAL TERM
Topical term or geographic name as entry element Desire for God.
9 (RLIN) 40511
800 1# - SERIES ADDED ENTRY--PERSONAL NAME
Personal name Spitzer, Robert J.,
Dates associated with a name 1952-
Title of a work Happiness, suffering and transcendence ;
Volume/sequential designation v. 1.
9 (RLIN) 40512
906 ## - LOCAL DATA ELEMENT F, LDF (RLIN)
a 7
b cbc
c copycat
d 2
e epcn
f 20
g y-gencatlg
942 ## - ADDED ENTRY ELEMENTS (KOHA)
Source of classification or shelving scheme Library of Congress Classification
Koha item type Monograph ( Printed materials)
Holdings
Withdrawn status Lost status Source of classification or shelving scheme Damaged status Not for loan Collection code Home library Current library Shelving location Date acquired Total Checkouts Full call number Barcode Date last seen Date checked out Price effective from Koha item type
    Library of Congress Classification     Main Collection ARRUPE LIBRARY ARRUPE LIBRARY Main Collection 13/03/2018 2 BV4647.J68 S65 2015 46600001093 02/02/2026 06/11/2018 13/03/2018 Monograph ( Printed materials)

 

Arrupe Library. PO Box MP320 Mt Pleasant, Harare, Zimbabwe
263 242 745411|librarian@aju.ac.zw